|
|
|
|
| LEADER |
01897nam a22003137a 4500 |
| 001 |
38755 |
| 003 |
BD-DhAAL |
| 008 |
220529t2022 bg ||||| b||| 00| 0 eng d |
| 999 |
|
|
|c 44264
|d 44264
|
| 040 |
|
|
|a BD-DhAAL
|c BD-DhAAL
|
| 082 |
|
|
|a 307.1412095492
|2 23
|
| 100 |
|
|
|a Ahasan, Abu
|9 48816
|
| 245 |
|
|
|a Formation of Brac :
|b a historical account /
|c Abu Ahasan and Sumaiya Iqbal ; edited by Nusrat Jahan and Mihid Hasan
|
| 260 |
|
|
|a Dhaka :
|b BIGD, Brac University and Brac,
|c 2022.
|
| 300 |
|
|
|a iii, 62 pages ;
|c 24 cm.
|
| 490 |
|
|
|a BIGD Monograph ;
|v No. 1
|
| 504 |
|
|
|a Includes bibliographical references (pages 57-62).
|
| 541 |
|
|
|a Complimentary copy from BIGD
|e 38755, 38756, 38757, 38758, 38759
|
| 610 |
|
|
|a BRAC
|9 48817
|
| 650 |
|
|
|a Rural Development
|z Bangladesh
|9 48818
|
| 700 |
|
|
|a Iqbal, Sumaiya
|9 48819
|
| 830 |
|
|
|a BIGD Monograph ; No. 1
|9 48820
|
| 852 |
|
|
|a Ayesha Abed Library
|c Reserved Section
|
| 942 |
|
|
|2 ddc
|c BK
|
| 952 |
|
|
|0 0
|1 0
|2 ddc
|4 0
|5 1
|6 307_141209549200000_AHA
|7 0
|9 70728
|a BRACUL
|b BRACUL
|c REF
|d 2022-05-29
|e Complimentary copy from BIGD
|l 0
|o 307.1412095492 AHA
|p 3010038755
|r 2022-05-29
|t 1
|w 2022-05-29
|y BK
|
| 952 |
|
|
|0 0
|1 0
|2 ddc
|4 0
|5 1
|6 307_141209549200000_AHA
|7 0
|9 70729
|a BRACUL
|b BRACUL
|c REF
|d 2022-05-29
|e Complimentary copy from BIGD
|l 0
|o 307.1412095492 AHA
|p 3010038756
|r 2022-05-29
|t 2
|w 2022-05-29
|y BK
|
| 952 |
|
|
|0 0
|1 0
|2 ddc
|4 0
|5 1
|6 307_141209549200000_AHA
|7 0
|9 70730
|a BRACUL
|b BRACUL
|c REF
|d 2022-05-29
|e Complimentary copy from BIGD
|l 0
|o 307.1412095492 AHA
|p 3010038757
|r 2022-05-29
|t 3
|w 2022-05-29
|y BK
|
| 952 |
|
|
|0 0
|1 0
|2 ddc
|4 0
|5 1
|6 307_141209549200000_AHA
|7 0
|9 70731
|a BRACUL
|b BRACUL
|c REF
|d 2022-05-29
|e Complimentary copy from BIGD
|l 0
|o 307.1412095492 AHA
|p 3010038758
|r 2022-05-29
|t 4
|w 2022-05-29
|y BK
|
| 952 |
|
|
|0 0
|1 0
|2 ddc
|4 0
|5 1
|6 307_141209549200000_AHA
|7 0
|9 70732
|a BRACUL
|b BRACUL
|c REF
|d 2022-05-29
|e Complimentary copy from BIGD
|l 0
|o 307.1412095492 AHA
|p 3010038759
|r 2022-05-29
|t 5
|w 2022-05-29
|y BK
|